Küstenstaaten die an Küstensstaaten grenzen - Statistiken

Allgemein
  • Dieses Quiz wurde 460 mal gespielt
  • Das Durchschnittsergebnis liegt bei 46 aus 57
Antwortstatistiken
Kontinent Antwort % Korrekt
Amerika Kanada
94%
Amerika Vereinigte Staaten von Amerika
94%
Amerika Mexiko
92%
Amerika Panama
91%
Europa Schweden
91%
Europa Norwegen
90%
Europa Finnland
89%
Amerika Honduras
89%
Amerika El Salvador
88%
Asien Indonesien
88%
Asien Oman
88%
Amerika Costa Rica
87%
Amerika Dominikanische Republik
87%
Amerika Guatemala
87%
Amerika Haiti
87%
Asien Jemen
87%
Europa Portugal
87%
Europa Dänemark
86%
Europa Estland
86%
Amerika Nicaragua
86%
Amerika Belize
85%
Amerika Guyana
85%
Amerika Kolumbien
85%
Ozeanien Papua-Neuguinea
85%
Amerika Suriname
85%
Europa Irland
84%
Amerika Venezuela
84%
Asien Israel
83%
Asien Katar
83%
Asien Südkorea
83%
Amerika Ecuador
82%
Europa Lettland
82%
Asien Kuwait
81%
Asien Malaysia
80%
Europa Vereinigtes Königreich
80%
Asien Brunei
79%
Afrika Gambia
79%
Afrika Tunesien
79%
Afrika Ägypten
77%
Asien Libanon
77%
Europa Niederlande
76%
Asien Nordkorea
76%
Asien Saudi-Arabien
76%
Amerika Uruguay
76%
Asien Vereinigte Arabische Emirate
74%
Asien Osttimor
73%
Asien Irak
72%
Asien Singapur
72%
Asien Jordanien
70%
Europa Monaco
69%
Afrika Äquatorialguinea
68%
Asien Bangladesch
68%
Afrika Guinea-Bissau
68%
Afrika Sierra Leone
68%
Afrika Liberia
67%
Asien Syrien
66%
Afrika Gabun
58%
Keine übereinstimmenden Quizze gefunden
Verteilung der Resultate
Anzahl Personen mit jedem Resultat
Perzentil nach korrekt beantworteten Fragen
Ihre Resultats-Entwicklung
Sie haben dieses Quiz noch nicht gespielt